| 000 | 00494nam a2200169 4500 | ||
|---|---|---|---|
| 001 | 123857 | ||
| 003 | ES-MaACL | ||
| 005 | 20230906192245.0 | ||
| 007 | t| | ||
| 008 | 070214s1960 sp r ||||1| spa d | ||
| 100 | 1 |
_aQuoist, Michel. _994807 |
|
| 245 | 1 | 0 |
_aAmor _b: el diario de Daniel / _cMichel Quoist ; versión española de Juan Bagué. |
| 260 |
_aBarcelona : _bHerder, _c1960. |
||
| 300 |
_a236 p. ; _c19 cm. |
||
| 700 | 1 |
_aBagué, Juan. _924644 |
|
| 852 |
_aES-MaACL _jF-14066 _bR.47235 |
||
| 999 |
_c123857 _d123857 |
||